The C++ Programming Language/ (Record no. 193946)

MARC details
000 -LEADER
fixed length control field 00544nam a22001697a 4500
005 - DATE AND TIME OF LATEST TRANSACTION
control field 20221220121018.0
010 ## - LCCN (DPL NO)
LC control number E.N.A./7.11.22
020 ## - INTERNATIONAL STANDARD BOOK NUMBER
International Standard Book Number 9789356060135
Terms of availability 1139.00
037 ## - SOURCE OF ACQUISITION
Source of stock number/acquisition Pearson
100 ## - MAIN ENTRY--PERSONAL NAME
Personal name Stroustrup, Bjarne
245 ## - TITLE STATEMENT
Title The C++ Programming Language/
Statement of responsibility, etc Bjarne Stroustrup
250 ## - EDITION STATEMENT
Edition statement 4th Edition
260 ## - PUBLICATION, DISTRIBUTION, ETC. (IMPRINT)
Place of publication, distribution, etc Noida
Name of publisher, distributor, etc Pearson India Education
Date of publication, distribution, etc 2022
270 ## - ADDRESS
Address 15th floor, Tower- B, World Trade Tower, plot No.1, Block -C, Sector-16, Noida,
City Uttar Pradesh
Postal code 201301
300 ## - PHYSICAL DESCRIPTION
Extent 1345p.
Dimensions 24cm(pbk)
942 ## - ADDED ENTRY ELEMENTS (KOHA)
Source of classification or shelving scheme Dewey Decimal Classification
Item type English Books
Call number suffix STR

No items available.


© Delhi Public Library
Hit Counter
free hit counter